000 00678nam a2200241Ia 4500
001 12488
003 GE_BSU
008 181216s||||||||xx |||||||||||||| ||und||
040 _cGE_BSU
080 _a571(075.8)
100 _aЛобашев,М.Е.
245 _aГенетика
245 _cРед.О.Л.Петровича
250 _a2-ое
260 _aЛенинград
260 _bИзд-во ленинградского ун-та
260 _c1967
300 _a750стр.22см.
300 _cИменой указатель с.732
300 _eТерминологический указатель с.735
653 _aГенетика
942 _cBK
999 _c45662
_d45662